| 000 | 00357nam a22001457a 4500 | ||
|---|---|---|---|
| 005 | 20170925144544.0 | ||
| 008 | 170925b xxu||||| |||| 00| 0 eng d | ||
| 020 | _a978-93-80935-71-4 | ||
| 041 | _aeng | ||
| 100 |
_aVanitha,G.and Kalpana,M _93971 |
||
| 245 | _aAgro Informatics | ||
| 260 |
_bNew India publishing Agency _c2011 |
||
| 300 | _a241 | ||
| 942 | _cBK | ||
| 999 |
_c5604 _d5602 |
||